000 00409nam a22001575i 4500
001 48435
003 ES-MaACL
007 t|
008 950718s1887 fr ||||1| fre d
040 _aCAM
_bspa
_cCAM
100 1 _aDeck, Théodore.
_943167
245 1 3 _aLa Faïence /
_cpar Théodore Deck.
260 _aParis :
_bMaison Quantin,
_c[1887]
300 _a300, [2] p. ;
_c21 cm.
852 _aES-MaACL
_jB-2544
999 _c48435
_d48435